000 00900nam a2200277Ia 4500
003 OSt
005 20221006155815.0
006 a|||||r|||| 00| 0
007 ta
008 221006b |||||||| |||| 00| 0 eng d
020 _a9780877630371
_c
_15.95
024 _a43,553
037 _b807, 20/03/2013, Bright Book Service
_cTextual
040 _aEASL
_cEASL
_beng
041 _2eng
_aeng
082 _aV42:19436.N46, N3
100 _aFusayama Takao
_9670488
245 0 _aJapanese memoir of Sumatra 1945-1946
_b Love and hatred in the liberation war
260 _aIthaca
_bCornell University
_c1993
300 _a152p.
_ccm.
490 _v JEL
_aMonograph Series (Publication no. 71)
650 _a JEL
650 _aTebing Incident
_9670489
942 _hV42:19436.N46, N3
_cTEXL
_2CC
999 _c1111639
_d1111639